000 00306nam a2200145Ia 4500
100 _aPeryshkin/ A.V./ Rodina/ N.A.
942 _cBK
654 _aPhysics
245 _aJunior Physics
260 _bMir Publishers
_c1982
082 _a530
_bPER/ROD
300 _a336
546 _aENGLISH
999 _c29649
_d29649